Handbook of Agricultural engineering (Record no. 14834)
[ view plain ]
| 000 -LEADER | |
|---|---|
| fixed length control field | 00310nam a22001217a 4500 |
| 020 ## - INTERNATIONAL STANDARD BOOK NUMBER | |
| ISBN | 9788171641345 |
| 082 ## - DEWEY DECIMAL CLASSIFICATION NUMBER | |
| Classification number | 630.028 |
| Item number | ICA/HA |
| 245 ## - TITLE STATEMENT | |
| Title | Handbook of Agricultural engineering |
| 260 ## - PUBLICATION, DISTRIBUTION, ETC. (IMPRINT) | |
| Place of publication | New Delhi |
| Name of publisher | indian Council of Agricultural Research |
| Year of publication | 2016 |
| 300 ## - PHYSICAL DESCRIPTION | |
| Number of Pages | 808p |
| 700 ## - ADDED ENTRY--PERSONAL NAME | |
| Personal name | ICAR |
| 942 ## - ADDED ENTRY ELEMENTS (KOHA) | |
| Koha item type | Books |
| Withdrawn status | Lost status | Damaged status | Collection code | Home library | Current library | Shelving location | Date acquired | Source of acquisition | Cost, normal purchase price | Full call number | Accession Number | Koha item type |
|---|---|---|---|---|---|---|---|---|---|---|---|---|
| KAUAET | KAUAET | General Stacks | 30/03/2017 | Vigyan Books, Delhi | 1000.00 | 630.028 ICA/HA | 25365 | Books | ||||
| KAUAET | KAUAET | General Stacks | 30/03/2017 | Vigyan Books, Delhi | 1000.00 | 630.028 ICA/HA | 25366 | Books | ||||
| KAUAET | KAUAET | General Stacks | 18/03/2018 | Neoti book agency | 1000.00 | 630.028 ICA/HA | 25568 | Books | ||||
| KAUAET | KAUAET | General Stacks | 18/03/2018 | Neoti book agency | 1000.00 | 630.028 ICA/HA | 25569 | Books |
